| 000 | 01122cam a2200229 4500 | ||
|---|---|---|---|
| 001 | L130016 | ||
| 008 | 050614n2004 000 0 eng u | ||
| 020 | _a0110692756 | ||
| 035 | _a(Sirsi) u130016 | ||
| 041 | _aeng | ||
| 050 |
_a692.209411 _c18 |
||
| 245 | 4 | _aThe Building (Procedure) (Scotland) Regulations 2004 | |
| 260 |
_aLondon _bTSO _c2004 |
||
| 490 |
_aSSI _v2004: 428 |
||
| 520 | _aThese regulations made under the Building (Scotland) Act 2003 set out the procedures to be followed in connection with the submission of applications for building warrants, completion certificates and other related matters; and detail the criteria to which the Scottish Ministers are to have regard when approving schemes in terms of s7 of the Act and the process for appointment of verifiers and certifiers. | ||
| 590 | _aIKA040705 | ||
| 650 | _aBUILDING (PROCEDURE) (SCOTLAND) REGULATIONS 2004 | ||
| 650 | _aBUILDING (SCOTLAND) ACT 2003 | ||
| 690 |
_aBuilding regulations _96224 |
||
| 856 |
_uhttps://www.opsi.gov.uk/legislation/scotland/ssi2004/20040428.htm _zView the Regulations at www.opsi.giv.uk... |
||
| 942 | _n0 | ||
| 999 |
_c104330 _d104330 |
||